|
|
|
|
| LEADER |
00000cam a2200000 7i4500 |
| 001 |
0000003478 |
| 005 |
20220105103946.0 |
| 008 |
070718 |
| 020 |
|
|
|a 9833278108
|
| 090 |
0 |
0 |
|a JP
|b ANM MAL (3774)
|
| 245 |
0 |
0 |
|a Anak katak ikut nasihat
|
| 260 |
|
|
|a Selangor :
|b Early Learner publications
|
| 440 |
|
0 |
|a Siri teladan anak-anak haiwan
|
| 500 |
|
|
|a Children age 4-6 years old (yellow)
|
| 650 |
|
0 |
|a Animal
|
| 650 |
|
0 |
|a Junior preschool
|x Malay
|x Languages
|
| 710 |
0 |
|
|a Title
|
| 999 |
|
|
|a 0000971096
|b Book
|c Children Collection
|e Perbadanan Perpustakaan Awam Johor
|
| 999 |
|
|
|a 0000971097
|b Book
|c Children Collection
|e Cawangan Tmn. Ungku Tun Aminah
|
| 999 |
|
|
|a 0000971098
|b Book
|c Children Collection
|e Cawangan Tmn. Ungku Tun Aminah
|
| 999 |
|
|
|a 0000971099
|b Book
|c Children Collection
|e Perbadanan Perpustakaan Awam Johor
|
| 999 |
|
|
|a 0000971100
|b Book
|c Children Collection
|e Perbadanan Perpustakaan Awam Johor
|
| 999 |
|
|
|a 0000989379
|b Book
|c Children Collection
|e Cawangan Tmn. Ungku Tun Aminah
|
| 999 |
|
|
|a 0000989380
|b Book
|c Children Collection
|e Cawangan Mersing
|
| 999 |
|
|
|a 0000989381
|b Book
|c Children Collection
|e Cawangan Segamat
|
| 999 |
|
|
|a 0000989383
|b Book
|c Children Collection
|e Cawangan Pontian
|